Knossos : a complete guide to palace of Minos

Αποθηκεύτηκε σε:
Λεπτομέρειες βιβλιογραφικής εγγραφής
Κύριος συγγραφέας: Michailidou, Anna
Μορφή: Βιβλίο
Γλώσσα:English
Δημοσίευση: Athens : Ekdotike Athenon, 1992.
Θέματα:
Ετικέτες: Προσθήκη ετικέτας
Δεν υπάρχουν, Καταχωρήστε ετικέτα πρώτοι!

MARC

LEADER 00000cam a2200000 i 4500
001 1/75307
008 971030s1992 gr | ||| |||| ||eng||
020 |a 960213142X 
035 |a 1992  |b 3  |c Ανθουλιάς  |l 10032090 
040 |a GR-MY-UA  |b gre  |e aacr 
041 0 |a eng 
082 7 |a 913.3918   |2 (22) 
100 1 |a Michailidou, Anna. 
245 1 0 |a Knossos :   |b a complete guide to palace of Minos /   |c Anna Michailidou.  
260 |a Athens :   |b Ekdotike Athenon,   |c 1992.  
300 |a 128 σ. :   |b εικ., φωτ. ;   |c 24 εκ.  
610 2 0 |a Palace of Knossos (Knossos) 
650 0 0 |a Excavations (Archaeology)  |z Greece  |z Knossos (Extinct city)  |x Guidebooks. 
651 0 |a Knossos (Extinct city)  |x History. 
651 0 |a Crete (Greece)  |x Antiquities  |x Guidebooks. 
852 |a INST  |b RHODES  |e 19971030  |h 913.3918 MIC  |p 005400009700  |q 005400009700  |t REF  |y 23 
909 |a Ρ  |b 024340 
970 |z 30-10-1997